000 00946nam a22002777a 4500
003 OSt
005 20181129084805.0
008 180227b xxu||||| |||| 00| 0 spa d
020 _a9502009266 (v.1)
020 _a9502009754 (v.2)
040 _cPJ
100 _918
_aCassagne, Juan Carlos
245 1 0 _aDerecho administrativo /
_cJuan Carlos Cassagne.
250 _a5a. ed. act.
260 _aBuenos Aires :
_bAbeledo-Perrot,
_c1996.
300 _a2 v.
_c23 cm.
500 _a5º Edición actualizada con las modificaciones introducidads por la reforma constitucional de 1994.
500 _aNotas y citas a pie de página.
650 0 _aDERECHO ADMINISTRATIVO
_9211
650 0 _aADMINISTRACION PUBLICA
_9877
650 0 _aPROCEDIMIENTO ADMINISTRATIVO
_91135
650 0 _aACTO ADMINISTRATIVO
_91171
650 0 _aCONTRATOS ADMINISTRATIVOS
_91170
650 0 _aRECURSOS ADMINISTRATIVOS
_91136
942 _2udc
_cLIB
_h342.9
_iCAS
999 _c2121
_d2121